| 000 | 00974cam a22002891 4500 | ||
|---|---|---|---|
| 090 | _c0 | ||
| 001 | 6566260 | ||
| 005 | 20050828172820.0 | ||
| 008 | 740103s1963 xx 000 0 eng | ||
| 010 | _a 62021115 | ||
| 015 | _aGB63-12838 | ||
| 020 | _a9780071101431 | ||
| 035 | _a(OCoLC)769715 | ||
| 040 |
_aDLC _cOYU _dCCC _dUk _dDLC |
||
| 042 | _apremarc | ||
| 050 | 0 | 0 |
_aHB171.5 _b.M139 1963 |
| 082 |
_a330 _bMCC |
||
| 100 | 1 | _aMcConnell, Campbell R. | |
| 245 | 0 | 0 |
_aEconomics: _bPrinciples, problems, and policies. _cCampbell R. Mcconnell , Stanley L. Brue. |
| 250 | _a7th ed. | ||
| 260 |
_aNew York, _bMcGraw-Hill _cc2008. |
||
| 300 |
_axxviii, 773 p. _bill. col.; _c24 cm. |
||
| 504 | _aIncludes bibliographical references and index. | ||
| 650 | 0 | _aEconomics. | |
| 942 |
_2ddc _cBB |
||
| 999 |
_c10468 _d10468 |
||